Регионална библиотека "Любен Каравелов" - Русе

Какво, по дяволите, си мислят мъжете? (Запис номер 140457)

MARC детайли
000 -Лидер
Контролно поле с фиксирана дължина 01655nam a2200385 c 4500
003 - Код на организацията, давaща контролен номер
Контролно поле BLK
005 - Дата и час на последна редакция
Контролно поле 20250204102848.0
008 - Елементи от данни с фиксирана дължина
fixed length control field 180409b bul|||||r ||||||| ||bul||
010 ## - Наследен системен номер
LC control number KNG00146519000
020 ## - Международен стандартен номер на книга ISBN
Международен стандартен номер на книга ISBN 978-954-8186-75-9
-- издат.: Санома Блясък България
040 ## - Източник на каталожния запис
Идентификатор на билиотеката - собственик на записа BLK
041 ## - Код за език
Код за езика на текст/звукозапис или на отделно заглавие Български
Код за езика КДБФ Български
072 #7 - Код за тематичната категория
Код организация bullib
Код за тематична категория Н15
Текст Психология Н
080 ## - УДК
Текстов определител УДК Психология на пола
УДК код - определител по УДК 159.922.1
УДК определител -055.1(02.062)
УДК - код + определител 159.922.1-055.1(02.062)
100 1# - Редна дума - Автор
Автор Стримпъл, Зоуи
Авторска отговорност първи автор
R(LIN) 126513
139 ## - Редно поле
Редна дума Стримпъл, Зоуи
Авторски знак Стри - С 86
245 10 - Сведения за заглавието
Заглавие Какво, по дяволите, си мислят мъжете?
Редно поле (дума) Зоуи Стримпъл; прев. от англ. Милена Христова.
257 ## - Страна на издаване
Страна на създаване/издаване Великобритания
260 ## - Област на издателските данни
-- София
Име на издателя, разпространителя и проч. Санома Блясък България
Година на издаване 2011
Печатница София : Инвестпрес
300 ## - Физическа характеристика
Страници 240 с.
Размери/Мащаб 20 см
380 ## - Жанр
Жанр Философия
490 1# - СЕРИИ (Колекции)
Име на серия Колекция Cosmopolitan
500 ## - Общи забележки
Забележка Ориг. загл. What the Hell is He Thinking? / Zoe Strimpel. - Кн. се продава само със сп. Cosmopolitan.
650 #4 - Допълнително описание по предмет – тема
Основно описание – тема или топоним Мъже - психология и поведение
9 (RLIN) 243392
653 ## - Ключова дума – ненормативна
Ключова дума психология на личността
653 ## - Ключова дума – ненормативна
Ключова дума мъже
659 ## - Тематичен бюлетин
Тематичен бюлетин Н
700 1# - Други автори (авторска отговорност)
Лично име Христова, Милена
Автороска отговорност (Описва отношението между автора и произведението) прев. от англ.
9 (RLIN) 365181
852 ## - Местоположение
Форматна сигнатура Цб 261718
856 4# - Електронен адрес и достъп
Електронен формат pdf - файл
Път до файла /url/
856 4# - Електронен адрес и достъп
Електронен формат pdf - файл
Път до файла /url/
942 ## - АРТИКУЛИ
Вид на библиотечния материал Книги
Скрит в OPAC Не
Koha issues (borrowed), all copies 7
944 ## - СЪЗДАВАНЕ И РЕДАКЦИЯ на ЗАПИСА
Създаване/Редакция Създаване
Дата на регистрацията/редакция 19.07.2013
Статус, дата на статуса Цветелина Шанова
Служител, извършил регистрацията/редакцията 30531
944 ## - СЪЗДАВАНЕ И РЕДАКЦИЯ на ЗАПИСА
Създаване/Редакция Редакция
Дата на регистрацията/редакция 13.11.2014
Статус, дата на статуса ф /
Служител, извършил регистрацията/редакцията Людмила_Стоянова
999 ## - СИСТЕМНИ КОНТРОЛНИ НОМЕРА
Koha biblionumber 140457
Koha biblioitemnumber 140457
Наличности
Код за отписване Код за изгубен артикул Код за повреда Коз за рестрикции Код за отдаване Артикулен № Име на библиотеката - собственик Име на библиотеката, в която се намира в момента Статус (Текущо местоположение) Дата на вписване в системата Местоположение - отдел Цена в лева Инвентарен номер Систематично азбучна сигнатура Баркод Номер на екземпляра Цена в евро Служебна бележка Служебен тип на артикула Източник на класификационната схема
  Не е изгубен Не е повреден без рестрикции ползва се в читалня 230353 Регионална библиотека "Любен Каравелов" Русе Регионална библиотека "Любен Каравелов" Русе Хранилище 2013-07-22 Хранилище 7.00 120000768492 Цб 261718 120000768492 1 3.58 Дост: Dp Вид: Д N: 17 Дата: 24.04.2012 Книги  
  Не е изгубен Не е повреден без рестрикции заемане за дома 230354 Регионална библиотека "Любен Каравелов" Русе Регионална библиотека "Любен Каравелов" Русе Заемна - подръчен фонд 2014-11-05 Заемна - подръчен фонд 7.00 120000781896 П 159.922.1/С 86-З 120000781896 2 3.58 Дост: DA Вид: А N: 24 Дата: 05.11.2014 Дата инв: 10.12.2014 Бележки инв: П2014 Книги Universal Decimal Classification
Vip Innovations Ltd, Rousse, Bulgaria 2025